Online
Catalog

Episcopologio de la Arquidiócesis de Santo Domingo / (Record no. 30001)

MARC details
000 -CABECERA
campo de control de longitud fija 01622nam a2200289 a 4500
001 - NÚMERO DE CONTROL
campo de control 000030509
005 - FECHA Y HORA DE LA ÚLTIMA TRANSACCIÓN
campo de control 20250217091458.0
008 - DATOS DE LONGITUD FIJA--INFORMACIÓN GENERAL
campo de control de longitud fija 110523s2011 dr ac 001 0dspa d
020 ## - NÚMERO INTERNACIONAL ESTÁNDAR DEL LIBRO
Número Internacional Estándar del Libro 9789993467649
040 ## - FUENTE DE LA CATALOGACIÓN
Centro catalogador/agencia de origen DO-SdBNP
Lengua de catalogación spa
Centro/agencia transcriptor BNPHU
082 ## - NÚMERO DE LA CLASIFICACIÓN DECIMAL DEWEY
Número de clasificación 277.293
Número de documento/Ítem S127e
100 1# - ENTRADA PRINCIPAL--NOMBRE DE PERSONA
Nombre de persona Sáez , José Luis
Fechas asociadas al nombre 1937-
9 (RLIN) 620
245 10 - MENCIÓN DE TÍTULO
Título Episcopologio de la Arquidiócesis de Santo Domingo /
Mención de responsabilidad, etc. José Luis Sáez ; presentación de Nicolás de Jesús López Rodríguez.
260 ## - PUBLICACIÓN, DISTRIBUCIÓN, ETC.
Lugar de publicación, distribución, etc. Santo Domingo :
Nombre del editor, distribuidor, etc. Arzobispado de Santo Domingo,
Fecha de publicación, distribución, etc. 2011.
300 ## - DESCRIPCIÓN FÍSICA
Extensión 162 p. :
Otras características físicas il., retrs. ;
Dimensiones 26 cm.
500 ## - NOTA GENERAL
Nota general Incluye índice onomástico, de lugares y materias.
504 ## - NOTA DE BIBLIOGRAFÍA, ETC.
Nota de bibliografía, etc. Incluye bibliografía y notas al pie de páginas.
504 ## - NOTA DE BIBLIOGRAFÍA, ETC.
Nota de bibliografía, etc. Bibliografía: p.147-149.
505 0# - NOTA DE CONTENIDO CON FORMATO
Información miscelánea Presentación /
Mención de responsabilidad Nicolás de Jesús López Rodríguez --
Título Gobierno de la iglesia dominicana 1511-2010 --
-- Obispos y arzobispos de la iglesia dominicana 1511-2010 --
-- Obispos y arzobispos que nunca gobernaron su sede 1556-1859 --
Información miscelánea Apéndices:
Título Tres vicarios apostólicos al frente de la arquidiócesis 1866-1882 --
-- Tres administradores apostólicos al frente de la arquidiócesis 1931-1935 --
-- Administrador apostólico, sede plena 1965-1970 --
Información miscelánea Bibliografía.
590 ## - NOTA LOCAL (RLIN)
Nota local Inventariado, 2018/ YL
650 #4 - PUNTO DE ACCESO ADICIONAL DE MATERIA--TÉRMINO DE MATERIA
Término de materia o nombre geográfico como elemento de entrada Iglesia católica
Subdivisión geográfica República Dominicana
Subdivisión general Historia
9 (RLIN) 358
650 #0 - PUNTO DE ACCESO ADICIONAL DE MATERIA--TÉRMINO DE MATERIA
Término de materia o nombre geográfico como elemento de entrada Clero
9 (RLIN) 19068
651 #4 - PUNTO DE ACCESO ADICIONAL DE MATERIA--NOMBRE GEOGRÁFICO
Nombre geográfico República Dominicana
Subdivisión general Historia Eclesiástica
Subdivisión cronológica SIGLO XX
9 (RLIN) 2410
700 1# - PUNTO DE ACCESO ADICIONAL--NOMBRE DE PERSONA
Nombre de persona López Rodríguez, Nicolás de Jesús,
Fechas asociadas al nombre 1936-
Término indicativo de función/relación present.
9 (RLIN) 670
710 2# - PUNTO DE ACCESO ADICIONAL--NOMBRE DE ENTIDAD CORPORATIVA
Nombre de entidad corporativa o nombre de jurisdicción como elemento de entrada Arquidiócesis de Santo Domingo
9 (RLIN) 53674
910 ## - DATOS DE OPCIÓN DEL USUARIO (OCLC)
Datos de opción del usuario Validado. Control de calidad EMS
Holdings
Estado de retiro Estado de pérdida Restricciones de uso No para préstamo Código de colección Localización permanente Ubicación/localización actual Ubicación en estantería Fecha de adquisición Número de inventario Total de préstamos Signatura topográfica completa Código de barras Fecha visto por última vez Número de copia Precio válido a partir de Tipo de ítem Koha
        Dominicana de Servicio General General Depósito 23.05.2011 LF1   277.293 S127e 30509-30 25.06.2020 e. 3 25.06.2020 Libro y Folleto Colección Dominicana de Servicio
      Excluido de préstamo Patrimonio Dominicano Patrimonio Dominicano Patrimonio Dominicano Depósito 23.05.2011 LF1   277.293 S127e 30509-10 25.06.2020   25.06.2020 Libro y Folleto Colección Patrimonio Dominicano
      Excluido de préstamo Patrimonio Dominicano Patrimonio Dominicano Patrimonio Dominicano Depósito 23.05.2011 LF1   277.293 S127e 30509-20 25.06.2020 e. 2 25.06.2020 Libro y Folleto Colección Patrimonio Dominicano

Powered by Koha